Formula One Oscar Piastri Quotes - Statistics

General Stats
  • This quiz has been taken 119 times
  • The average score is 4 of 10
Answer Stats
Hint Answer % Correct
Oscar: I understand that without my agreement, _____ f1 have put out a press release... Alpine
82%
Oscar: Move of a world _____ that one champion
80%
Oscar: Oh no I've caused a _____. scene
74%
Oscar: Good time to mention that I'm also 3/16 _____? Italian
57%
Oscar: I think I hit more _____ this weekend than I have in my whole career. walls
51%
Oscar: And yeah, my sense of humour is pretty _____. dry
44%
Interviewer: What scares you?Oscar: _____. Sharks
18%
*Proper English debate* Interviewer:... Oscar: So this is an absolute classic to start with, _____. thongs
16%
McLaren: So, Oscar, you're currently P1. Erm... Purple third sector...Oscar: Jeez, everyone else's third sector must've been pretty _____. fucked
6%
McLaren: So, Oscar, that should be P8 once that penalty's applied. Well done buddy, points for home Grand Prix. Not a bad weekend.Oscar: _____. Cool
2%
No matching quizzes found
Score Distribution
Percent of People with Each Score
Percentile by Number Answered
Your Score History
You have not taken this quiz